English/UK Royal Nicknames - Statistics

General Stats
  • This quiz has been taken 76 times
  • The average score is 6 of 15
Answer Stats
Hint Answer % Correct
Bloody Mary Mary I
94%
Farmer George George III
72%
The Confessor Edward
71%
The Conqueror William I
69%
Hammer of the Scots / Longshanks Edward I
54%
Mrs Brown Victoria
49%
Gloriana / The Virgin Queen Elizabeth 1
46%
The Lion Heart Richard I
46%
The Unready Ethelred
42%
The Prince of Whales George IV
25%
The Sailor King William IV
20%
The Peacemaker Edward VII
17%
Bluff Hal Henry VIII
14%
The Sailor Prince George V
12%
The Martyr Charles I
11%
No matching quizzes found
Score Distribution
Percent of People with Each Score
Percentile by Number Answered
Your Score History
You have not taken this quiz